LEADER 00994nlm0 22003251i 450 001 990009792610403321 005 20131120144249.0 010 $a9780470555729$bonline 035 $a000979261 035 $aFED01000979261 035 $a(Aleph)000979261FED01 035 $a000979261 100 $a20131120d2010----km-y0itay0103----ba 101 0 $aeng 135 $adrnn-008mamaa 200 1 $aChromatography$bRisorsa elettronica$ea science of discovery$fedited by Robert L. Wixom, Charles W. Gehrke 210 $aHoboken, N. J.$cWiley$d2010 230 $aDocumento elettronico 336 $aTesto 337 $aFormato pdf 610 0 $aCromatografia 676 $a543.8 702 1$aWixom,$bRobert L. 702 1$aGehrke,$bCharles W. 801 0$aIT$bUNINA$gREICAT$2UNIMARC 856 4 $zFull text per gli utenti Federico II$uhttp://onlinelibrary.wiley.com/book/10.1002/9780470555729 901 $aEB 912 $a990009792610403321 996 $aChromatography$9128672 997 $aUNINA LEADER 01245nam 2200373 450 001 9910251401703321 005 20221018025628.0 010 $a953-51-4587-8 010 $a953-51-3676-3 035 $a(CKB)4100000001586961 035 $a(NjHacI)994100000001586961 035 $a(EXLCZ)994100000001586961 100 $a20221018d2017 uy 0 101 0 $aeng 135 $aur||||||||||| 181 $ctxt$2rdacontent 182 $cc$2rdamedia 183 $acr$2rdacarrier 200 00$aSeismic and Sequence Stratigraphy and Integrated Stratigraphy $eNew Insights and Contributions /$fedited by Gemma Aiello 210 1$aRijeka, Croatia :$cIntechOpen,$d2017. 215 $a1 online resource (168 pages) $cillustrations 311 $a953-51-3675-5 320 $aIncludes bibliographical references. 517 $aSeismic and sequence stratigraphy and integrated stratigraphy 606 $aSeismic prospecting$xData processing 615 0$aSeismic prospecting$xData processing. 676 $a622.1 702 $aAiello$b Gemma 801 0$bNjHacI 801 1$bNjHacl 906 $aBOOK 912 $a9910251401703321 996 $aSeismic and Sequence Stratigraphy and Integrated Stratigraphy$92954862 997 $aUNINA